000 00368nam a2200157Ia 4500
008 230524s9999 xx 000 0 und d
082 _a621.3851
_bGUL
100 _aR.R.Gulati
245 0 _aModern Television Practice
250 _a2ND
260 _aNEW DELHI
_bNAI
_c2002
300 _a693
500 _aQuantity Number: 2
650 _aElectronics
942 _cBK
999 _c17643
_d17643